Ghibli Movie by Intro Song - Statistics

General Stats
  • This quiz has been taken 25 times
  • The average score is 7 of 13
Answer Stats
Hint Answer % Correct
The Legend of Ashitaka Princess Mononoke
91%
Merry-Go-Round of Life Howl's Moving Castle
86%
Deep Sea Pastures Ponyo
86%
The Girl Who Fell From the Sky Castle in the Sky
82%
One Summer Day Spirited Away
73%
Hey Let's Go My Neighbour Totoro
68%
The Legend of the Wind Nausicaa of the Valley of the Wind
59%
Sunrise ~ The Breakfast Song From Up on Poppy Hill
41%
On a Clear Day Kiki's Delivery Service
41%
Opening // Haru, Are You Awake? The Cat Returns
41%
A Hilly Town Whisper of the Heart
36%
The Wind of Ages - When a Human Can be a Human Porco Rosso
32%
First Impression The Ocean Waves
9%
No matching quizzes found
Score Distribution
Percent of People with Each Score
Percentile by Number Answered
Your Score History
You have not taken this quiz